Регионална библиотека "Любен Каравелов" - Русе

Интернационалното сътрудничество между КПСС и БКП (Запис номер 362675)

MARC детайли
000 -Лидер
Контролно поле с фиксирана дължина nam a22 c 4500
003 - Код на организацията, давaща контролен номер
Контролно поле BLK
005 - Дата и час на последна редакция
Контролно поле 20200518160453.0
008 - Елементи от данни с фиксирана дължина
fixed length control field 200315b bul|||||r ||||||| ||bul||
010 ## - Наследен системен номер
LC control number KNG00120301RET
040 ## - Източник на каталожния запис
Идентификатор на билиотеката - собственик на записа BLK
041 ## - Код за език
Код за езика на текст/звукозапис или на отделно заглавие Български
Код за езика КДБФ Български
080 ## - УДК
Текстов определител УДК История на БКП
УДК код - определител по УДК 329.15
УДК определител (429.7)
УДК - код + определител 329.15(429.7)
080 ## - УДК
Текстов определител УДК История на КПСС
УДК код - определител по УДК 329.15
УДК определител (47+57)
УДК - код + определител 329.15(47+57)
139 ## - Редно поле
Редна дума Интернационалното сътрудничество между КПСС и БКП
Авторски знак Инт - И 72
245 10 - Сведения за заглавието
Заглавие Интернационалното сътрудничество между КПСС и БКП
Подзаглавни данни История и съвременност : [Изследване]
Редно поле (дума) Съавт. В. Я. Бондар; Отг. ред. К. Байчински; Под общ. ред. на Д. Елазар, А. Г. Егоров
257 ## - Страна на издаване
Страна на създаване/издаване България
260 ## - Област на издателските данни
Място на издаване, разпространение и проч. София
Име на издателя, разпространителя и проч. Партиздат
Година на издаване 1985
300 ## - Физическа характеристика
Страници 472 с.
Размери/Мащаб 20 см
380 ## - Жанр
Жанр Обществени науки
500 ## - Общи забележки
Забележка Други авт. : К. Байчински, Т. Колева, Ц. Николова, Л. Б. Валев, А. В. Самосудов, А. Наков, В. Н. Гребенников, Ф. Спасов, П. А. Радионов, Д. Чобанов, Е. В. Рудаков, В. Ф. Яворски, Б. Д. Пядишев, отбелязани на гърба на загл. с. - <br/>Други ред. : П. А. Радионов - отг. ред., В. Я. Бондар, Т. Т. Колева, Ц. Николов, Б. В. Панов, А. В. Самосудов, В. Ф. Яворски. - Изд. на Инст. по история на БКП при ЦК на БКП, Инст. по марксизъм-лененизъм при ЦК на КПСС. - 1 810 тир. - Библиогр. под линия
650 #0 - Допълнително описание по предмет – тема
9 (RLIN) 331651
Основно описание – тема или топоним Международно сътрудничество
653 #7 - Ключова дума – ненормативна
Ключова дума БКП
9 (RLIN) 182091
653 #7 - Ключова дума – ненормативна
Ключова дума КПСС
9 (RLIN) 189302
653 #7 - Ключова дума – ненормативна
Ключова дума международни политически отношения
9 (RLIN) 190798
700 ## - Други автори (авторска отговорност)
Лично име Бондар, Василий Я.
Автороска отговорност (Описва отношението между автора и произведението) авт.-състав.
9 (RLIN) 410987
700 ## - Други автори (авторска отговорност)
Лично име Байчински, Костадин Иванов
Автороска отговорност (Описва отношението между автора и произведението) отг. ред.
9 (RLIN) 748
700 ## - Други автори (авторска отговорност)
Лично име Елазар, Давид
Автороска отговорност (Описва отношението между автора и произведението) под общ. ред. на
9 (RLIN) 864
700 ## - Други автори (авторска отговорност)
Лично име Егоров, А. Г.
Автороска отговорност (Описва отношението между автора и произведението) под общ. ред. на
9 (RLIN) 410989
852 ## - Местоположение
Форматна сигнатура Цб 137631
Фондова буква Хранилище
999 ## - СИСТЕМНИ КОНТРОЛНИ НОМЕРА
Koha biblionumber 362675
Koha biblioitemnumber 362675
942 ## - АРТИКУЛИ
Вид на библиотечния материал Книги
Скрит в OPAC Не
Периодичен библиозапис Да
944 ## - СЪЗДАВАНЕ И РЕДАКЦИЯ на ЗАПИСА
Създаване/Редакция Създаване
Дата на регистрацията/редакция 2020-05-18
Служител, извършил регистрацията/редакцията С.Т.
Наличности
Код за отписване Код за изгубен артикул Източник на класификационната схема Код за повреда Коз за рестрикции Код за отдаване Артикулен № Име на библиотеката - собственик Име на библиотеката, в която се намира в момента Статус (Текущо местоположение) Дата на вписване в системата Местоположение - отдел Цена в лева Инвентарен номер Систематично азбучна сигнатура Баркод Цена в евро Служебен тип на артикула
  Не е изгубен Universal Decimal Classification Не е повреден само за читалня ползва се в читалня 770782 Регионална библиотека "Любен Каравелов" Русе Регионална библиотека "Любен Каравелов" Русе Хранилище 2020-05-20 Хранилище 3.20 436778 Цб 137631 900000016370 1.64 Книги
Vip Innovations Ltd, Rousse, Bulgaria 2025